| 000 | 00525nam a2200169 i 4500 | ||
|---|---|---|---|
| 001 | 50752 | ||
| 003 | ES-MaACL | ||
| 005 | 20230906162231.0 | ||
| 007 | t| | ||
| 008 | 030806s1945 sp ||||1| spa d | ||
| 100 | 1 |
_aCuello Calón, Eugenio. _941986 |
|
| 245 | 1 | 0 |
_aManual de Derecho Penal español _b: conforme al nuevo Código Penal / _cEugenio Cuello Calón. |
| 250 | _a4ª ed. | ||
| 260 |
_aBarcelona : _bBosch, _c[1945] ( _fImp. Clarasó) |
||
| 300 |
_a2 t. en 3 v. ; _c23 cm. |
||
| 852 |
_aES-MaACL _jB-10262-64 _bR.21620 |
||
| 999 |
_c50752 _d50752 |
||